000 00529nam a2200193 a 4500
001 1765635237398
003 YourLibrary
005 20251216152705.0
008 251213s2000##################000#0#eng##
020 _a9780198263913
082 0 4 _a221.6
_bMAY
100 1 _aMayes, Andrew David Hastings,
_eauthor.
245 1 0 _aText in Context :
260 _bOxford University Press, USA,
_c2000.
300 _a496 pages
650 0 _aLanguage Arts & Disciplines.
942 _cENGLISH
040 _aYourLibrary
_beng
_cYourLibrary
999 _c602630
_d602630